La prevención del absentismo en el lugar de trabajo: resumen

Tallennettuna:
Bibliografiset tiedot
Yhteisötekijä: Fundación Europea
Aineistotyyppi: Teksti
Julkaistu: Bruselas: Comunidades Europeas
Tagit: Lisää tagi
Ei tageja, Lisää ensimmäinen tagi!

MARC

LEADER 00000 a a2200000 04500
001 22787
003
040
020 |a 92-828-0335-X  
090 |a 156500  
110 |a Fundación Europea  
245 |a La prevención del absentismo en el lugar de trabajo: resumen  
260 |a Bruselas:   |b Comunidades Europeas  
300 |a 40 p.  
999 |c 13437  |d 13437